Ensayo de clasificación de un estilo de cerámica de Occidente : los vasos pseudojonios pintados / por Michel Py los vasos pseudojonios pintados / por Michel Py
Descripción Física:
p. 155-202 : il. ; 27 cm
Colección:
Monografies ; 61
MARC
| LEADER | 00000nam a2200000Ia 4500 | ||
|---|---|---|---|
| 001 | 7827 | ||
| 008 | 160829s1979 - 1980 xx 000 0 cat d | ||
| 080 | |a FU-21-45 | ||
| 100 | |a Py, Michel |9 34017 | ||
| 245 | |a Ensayo de clasificación de un estilo de cerámica de Occidente : |b los vasos pseudojonios pintados / por Michel Py | ||
| 260 | |a Barcelona : |b Diputació de Barcelona. Institut de Prehistòria i Arqueologia, |c 1979 - 1980 | ||
| 300 | |a p. 155-202 : |b il. ; |c 27 cm | ||
| 490 | |a Monografies ; 61 | ||
| 590 | |a Separata d'Ampurias ; 41-42 | ||
| 650 | |a Ceràmica hel·lenística |x França |9 34018 | ||
| 650 | |a Ceràmica hel·lenística |x Catalunya |9 34019 | ||
| 710 | 2 | |a Institut de Prehistòria i Arqueologia (Barcelona, Catalunya) |9 52785 | |
| 901 | |a Arxiu | ||
| 942 | |n 1 | ||
| 952 | |0 0 |1 0 |4 0 |6 FU2145 |7 1 |9 46346 |a Arxiu |b Arxiu |d 2016-12-01 |l 0 |o FU-21-45 |p 7827 |r 2016-12-01 00:00:00 |w 2016-12-01 |y ARXIU | ||
| 999 | |c 50131 |d 50131 | ||